000
00310nam a22001457a 4500
020
_a
81-8423-122-9
082
_a
920
_b
ASO/S
100
_a
ASHOKAN, K
245
_a
SWATHI THIRUNAAL
260
_a
THRISSUR
_b
GREEN BOOKS BOOKS
_c
2009
300
_a
134
520
_a
ART BOOKS
650
_a
ART BOOK
942
_c
BK
999
_c
5501
_d
5501